000 01115nam a2200325 i 4500
005 20210727153241.0
007 ta
008 200420s2004 sp a gr 000 0 spa d
020 _a9788489634367
040 _aCO-BoRNBP
_bspa
_erda
_cCO-BoRNBP
041 0 _aspa
043 _as-ck---
082 0 4 _a927.5946
_bP31j
_223
100 1 _aJordá, María J.
_eautora
245 1 0 _aDescubriendo el mágico mundo de Picasso
_ctextos de María J. Jordá
250 _aPrimera edición
264 1 _aBarcelona
_bTextura Ediciones
_c2004
300 _a34 páginas
_bilustraciones a color
_c27 cm
336 _atexto
_btxt
_2rdacontent
337 _asin mediación
_bn
_2rdamedia
338 _avolumen
_bnc
_2rdacarrier
490 0 _aDescubriendo el mágico mundo de
500 _aIncluye glosario
500 _aIncluye guía pedagógica para el educador
600 1 4 _aPiccasso, Pablo
_d1881-1973
_xTrabajos pictoricos
_9173300
600 1 4 _aPiccasso, Pablo
_d1881-1973
_xCrítica e interpretación
_9173301
650 1 7 _aPintores españoles
_2ARMARC
650 1 7 _aPintura española
_xEnseñanza
_2ARMARC
942 _2ddc
_cBKLIT
999 _c4816
_d4816